International semiconductor cooperation symposium '88

Gardado en:
Detalles Bibliográficos
Formato: Libro
Idioma:Undetermined
Publicado: Japan 1988
Những chủ đề:
Các nhãn: Engadir etiqueta
Sen Etiquetas, Sexa o primeiro en etiquetar este rexistro!
Thư viện lưu trữ: Trung tâm Học liệu Trường Đại học Cần Thơ
LEADER 00403nam a2200145Ia 4500
001 CTU_98452
008 210402s9999 xx 000 0 und d
082 |a 338 
082 |b I.61 
245 0 |a International semiconductor cooperation symposium '88 
260 |a Japan 
260 |c 1988 
650 |a Semiconductor industry 
904 |i Tuyến 
980 |a Trung tâm Học liệu Trường Đại học Cần Thơ